Interactions between herbicides and the soil (Record no. 36697)

MARC details
000 -LEADER
fixed length control field 00318nam a2200121Ia 4500
082 ## - DEWEY DECIMAL CLASSIFICATION NUMBER
Classification number 632.954+631.4
Item number HAN;1
245 #0 - TITLE STATEMENT
Title Interactions between herbicides and the soil
260 ## - PUBLICATION, DISTRIBUTION, ETC. (IMPRINT)
Place of publication London
Name of publisher Academic
Year of publication 1980
650 ## - SUBJECT ADDED ENTRY--TOPICAL TERM
Topical Term Herbicides
700 ## - ADDED ENTRY--PERSONAL NAME
Personal name Hance, R J
942 ## - ADDED ENTRY ELEMENTS (KOHA)
Koha item type Books
Holdings
Withdrawn status Lost status Damaged status Not for loan Home library Current library Date acquired Full call number Accession Number Koha item type
        RRII Library RRII Library 16/12/2021 632.954+631.4 HAN;1 17096 Books